| 000 | 00438nam a22001577a 4500 | ||
|---|---|---|---|
| 003 | macl | ||
| 005 | 20221119124133.0 | ||
| 008 | 221119b |||||||| |||| 00| 0 eng d | ||
| 040 | _cmacl | ||
| 082 | _a796 | ||
| 100 | _aसूरज | ||
| 245 | _aओलम्पिक गेम्स | ||
| 260 |
_aदिल्ली _bआयशा इन्टरनेेशनल _c2020 |
||
| 650 |
_aखेल _953082 |
||
| 942 |
_2ddc _cHIN |
||
| 999 |
_c65603 _d65603 |
||